| 000 | 00625cam a2200193 a 4500 | ||
|---|---|---|---|
| 999 |
_c7447 _d7447 |
||
| 001 | 21232 | ||
| 003 | BD-DhUAP | ||
| 005 | 20210123105103.0 | ||
| 008 | 201102s2008 bg abf b f000 0 eng | ||
| 020 | _a9847022000257 | ||
| 040 |
_aBD-DhUAP _cBD-DhUAP _dBD-DhUAP _bEng |
||
| 082 |
_a338.95492 EME _223 |
||
| 245 |
_aEmerging issues in Bangladesh economy : _ba review of Bangladesh's development 2005-06. |
||
| 260 |
_aDhaka : _bCentre for Policy Dialogue, _cc2008. |
||
| 300 |
_axxxii, 417 pages : _billustrations ; _c22 cm. |
||
| 650 |
_aEconomic policy _zBangladesh. |
||
| 710 | _aCentre for Policy Dialogue. | ||
| 942 |
_2ddc _cBK |
||